| 000 | 00658nac a22002291u 4500 | ||
|---|---|---|---|
| 003 | EG-ScBUE | ||
| 005 | 20221212133110.0 | ||
| 008 | 221212s2005 ko a f 000 0 eng d | ||
| 020 | _a8957700889 | ||
| 020 | _a8957700862 | ||
| 040 |
_aEG-ScBUE _beng _erda _cEG-ScBUE _dEG-ScBUE |
||
| 082 | 0 | 4 |
_a722 _222 _bDET |
| 245 | 0 | 0 | _aDetail annual. |
| 264 | 1 |
_aSeoul, Korea : _bArchiworld, _c2005. |
|
| 300 |
_a279 pages : _billustrations (chiefly color) ; _c31 cm |
||
| 505 | 0 | _aVolume 1 -- Volume 2. | |
| 650 | 7 |
_aArchitecture details. _2BUEsh |
|
| 650 | 7 |
_aArchitecture designs and plans. _2BUEsh |
|
| 653 | _bENGARC | ||
| 655 | _vReading book | ||
| 942 |
_cBB _2ddc |
||
| 999 |
_c3148 _d3148 |
||